| 000 | 00869nam a2200193 i 4500 | ||
|---|---|---|---|
| 001 | 109058 | ||
| 003 | ES-MaACL | ||
| 005 | 20251009063055.0 | ||
| 007 | t| | ||
| 008 | 061121s1976 sp r ||||1| spa d | ||
| 100 | 1 |
_aMoya Valgañón, José Gabriel, _d1939- _983980 |
|
| 245 | 1 | 0 |
_aInventario artístico de Logroño y su provincia / _cJ[realizado por José Gabriel Moya Valgañón, director ... et al.]. |
| 260 |
_aMadrid : _bDirección General del Patrimonio Artístico y Cultural, _c1976- |
||
| 300 |
_a2 v. : _bil ; _c18 cm. |
||
| 500 | _aContiene : t. 1. Ábalos-Cellorigo (322 p., [198] p. de lám., [2] h. de planos pleg.) -- t. 2. Cenicero-Montalvo en Cameros (370 p., [200] p. de lám.) | ||
| 650 | 4 |
_aPatrimonio cultural- _zLa Rioja (Comunidad Autónoma)- _vInventarios. _9166090 |
|
| 852 |
_aES-MaACL _jP-411 _bR.107294 |
||
| 999 |
_c109058 _d109058 |
||